Born to win (Record no. 140000)
[ view plain ]
| 000 -LEADER | |
|---|---|
| fixed length control field | 00787nam a22002177a 4500 |
| 005 - DATE AND TIME OF LATEST TRANSACTION | |
| control field | 20230706161316.0 |
| 010 ## - LCCN (DPL NO) | |
| LC control number | 1718EN-30 ENG-118197 B-688522-527 ENG-137323 |
| 020 ## - INTERNATIONAL STANDARD BOOK NUMBER | |
| International Standard Book Number | 9789386231055 |
| Terms of availability | 350.00 |
| 035 ## - SYSTEM CONTROL NUMBER | |
| System control number | EN-101729 EN-120855 |
| 035 ## - SYSTEM CONTROL NUMBER | |
| System control number | B-688522-527 |
| 037 ## - SOURCE OF ACQUISITION | |
| Source of stock number/acquisition | Prabhat |
| Stock number | dpl |
| 037 ## - SOURCE OF ACQUISITION | |
| Source of stock number/acquisition | DBAD/PUB |
| 082 ## - DEWEY DECIMAL CLASSIFICATION NUMBER | |
| Classification number | 158.1 |
| 100 ## - MAIN ENTRY--PERSONAL NAME | |
| Personal name | Ziglar, Zig |
| 245 ## - TITLE STATEMENT | |
| Title | Born to win |
| Remainder of title | Find your success code / |
| Statement of responsibility, etc | by Zig Zigler And Tom Ziglar |
| 260 ## - PUBLICATION, DISTRIBUTION, ETC. (IMPRINT) | |
| Place of publication, distribution, etc | New Delhi |
| Name of publisher, distributor, etc | Prabhat Prakashan |
| Date of publication, distribution, etc | 2017 |
| 270 ## - ADDRESS | |
| Address | 4/19 Asaf Ali Road, New Delhi-110002 |
| 300 ## - PHYSICAL DESCRIPTION | |
| Extent | 190p |
| Dimensions | 22cm.(Hb) |
| 942 ## - ADDED ENTRY ELEMENTS (KOHA) | |
| Source of classification or shelving scheme | Dewey Decimal Classification |
| Item type | English Books |
| Classification part | 158.1 |
| Call number suffix | ZIG |
| Withdrawn status | Lost status | Not for loan | Collection code | Home library | Current library | Date acquired | Source of acquisition | Cost, normal purchase price | Full call number | Barcode | Copy number | Cost, replacement price | Koha item type |
|---|---|---|---|---|---|---|---|---|---|---|---|---|---|
| Non-fiction | Bawana | Bawana | 12/06/2018 | Prabhat/L3161/05.12.17/671/20.11.17/15.01.18 | 350.00 | 158.1 ZIG | B-688527 | 1 | English Books | ||||
| Non-fiction | Central Library | Central Library | 12/06/2018 | Prabhat/L3161/05.12.17/671/20.11.17/15.01.18 | 350.00 | 158.1 ZIG | B-688522 | 1 | English Books | ||||
| Non-fiction | Janak Puri | Janak Puri | 12/06/2018 | Prabhat/L3161/05.12.17/671/20.11.17/15.01.18 | 350.00 | 158.1 ZIG | B-688525 | 1 | English Books | ||||
| Non-fiction | Narela | Narela | 12/06/2018 | Prabhat/L3161/05.12.17/671/20.11.17/15.01.18 | 350.00 | 158.1 ZIG | B-688526 | 1 | English Books | ||||
| Non-fiction | Narela | Narela | 06/07/2023 | DBAD/PUB | 350.00 | 158.1 ZIG | EN-120855 | 1 | 350.00 | English Books | |||
| Non-fiction | Patel Nagar | Patel Nagar | 17/05/2017 | DBAD/PUB | 350.00 | 158.1 ZIG | EN-101729 | 1 | 350.00 | English Books | |||
| Non-fiction | Patel Nagar | Patel Nagar | 12/06/2018 | Prabhat/L3161/05.12.17/671/20.11.17/15.01.18 | 350.00 | 158.1 ZIG | B-688524 | 1 | English Books | ||||
| Non-fiction | Shahdara Branch | Shahdara Branch | 12/06/2018 | Prabhat/L3161/05.12.17/671/20.11.17/15.01.18 | 350.00 | 158.1 ZIG | B-688523 | 1 | English Books |
